00849nam a2200193Ia 4500999001500000003000900015005001700024008004100041040002800082090002300110110006300133245010800196260008000304300004800384504002300432650003700455942001200492952015100504 c2670d2670DO-SdBJH20180416180244.0180414s9999 dr 000 0 spa d aDO-SdBJHbspacDO-SdBJH aDM FM 100-19 1993 aInstituto de Cooperación para la Seguridad Hemisférica10aFM 100-19 Operaciones de apoyo doméstico / Instituto de Cooperación para la Seguridad Hemisférica aFuerte Benning, Georgia : Cuartel General Secretaría del Ejército, 1993 axxxiv, 198 páginas en varias paginaciones aIncluye apéndice 4aOperaciones -- Apoyo doméstico 2ddccBK 00102ddc40708DMaBEGEMbBEGEMcGENd2018-04-14i18-EERD-01048l0oDM FM 100-19 1993p18-EERD-01048r2018-04-14 00:00:00tEj.1w2018-04-14yBK